[Event "SRB-chT (Women)"]
[Site "Valjevo"]
[Date "2018.09.09"]
[Round "10.5"]
[White "Petrovic, Marija"]
[Black "Zarkovic, Mila"]
[Result "0-1"]
[WhiteElo "2098"]
[BlackElo "2185"]
[PlyCount "74"]
[EventDate "2018.08.31"]
[EventType "team-tourn"]
[EventRounds "11"]
[EventCountry "SRB"]
[SourceTitle "CBM 186 Extra"]
[Source "ChessBase"]
[SourceDate "2018.08.24"]
[SourceVersion "1"]
[SourceVersionDate "2018.08.24"]
[SourceQuality "1"]
[WhiteTeam "Lucani Mladost (W)"]
[BlackTeam "Belgrade Rad (W)"]
[WhiteTeamCountry "SRB"]
[BlackTeamCountry "SRB"]

1. Nf3 Nf6 2. g3 e6 3. Bg2 d5 4. 0-0 c5 5. d4 cxd4 6. Nxd4 e5 7. Nf3 Nc6 8. c4 d4 9. a3 a5 10. Bg5 Be7 11. Nbd2 0-0 12. Qc2 h6 13. Bxf6 Bxf6 14. Rad1 Qc7 15. c5 Be7 16. Rc1 Be6 17. Nc4 Rad8 18. Rfe1 f5 19. Bh3 Rd5 20. Nd6 Bxd6 21. cxd6 Qxd6 22. Nh4 Ne7 23. Qc7 g5 24. Qxd6 Rxd6 25. Rc7 Nd5 26. Rxb7 gxh4 27. Rc1 hxg3 28. hxg3 Rf7 29. Rb8+ Kg7 30. Rc5 Ra7 31. Re8 Kf6 32. Rh8 e4 33. Bg2 d3 34. exd3 exd3 35. Kf1 Rc7 36. Rxc7 Nxc7 37. Bf3 d2 0-1

[Event "SRB-chT (Women)"]
[Site "Valjevo"]
[Date "2018.09.05"]
[Round "6.4"]
[White "Djukic, Sandra"]
[Black "Petrovic, Marija"]
[Result "1/2-1/2"]
[WhiteElo "2162"]
[BlackElo "2098"]
[PlyCount "194"]
[EventDate "2018.08.31"]
[EventType "team-tourn"]
[EventRounds "11"]
[EventCountry "SRB"]
[SourceTitle "CBM 186 Extra"]
[Source "ChessBase"]
[SourceDate "2018.08.24"]
[SourceVersion "1"]
[SourceVersionDate "2018.08.24"]
[SourceQuality "1"]
[WhiteTeam "Rudovci Radnicki (W)"]
[BlackTeam "Lucani Mladost (W)"]
[WhiteTeamCountry "SRB"]
[BlackTeamCountry "SRB"]

1. d4 d6 2. Nf3 g6 3. c4 Bg7 4. Nc3 Nd7 5. e4 e5 6. Be2 Ngf6 7. 0-0 0-0 8. Be3 Ng4 9. Bg5 f6 10. Bc1 Nh6 11. h3 Nf7 12. dxe5 dxe5 13. Be3 c6 14. Na4 Qe7 15. Qc2 Bh6 16. Bxh6 Nxh6 17. c5 Kg7 18. b4 Re8 19. Nb2 Nf8 20. Nc4 Nf7 21. Rfd1 Be6 22. Na5 Qc7 23. a4 Rad8 24. Qc3 Rxd1+ 25. Rxd1 Rd8 26. Rc1 h5 27. Bf1 g5 28. Rb1 Ng6 29. b5 cxb5 30. axb5 g4 31. hxg4 hxg4 32. Nh2 Ng5 33. b6 axb6 34. Rxb6 Rb8 35. Qb4 g3 36. fxg3 Bc8 37. c6 Nxe4 38. cxb7 Bd7 39. Nf3 Qc5+ 40. Qxc5 Nxc5 41. Nd2 Nf8 42. Bc4 Bf5 43. Rc6 Nfd7 44. Rc7 Kh6 45. Ndb3 Nxb7 46. Nxb7 Nb6 47. N3a5 Be4 48. Nd6 Nxc4 49. Naxc4 Bd3 50. Ne3 Rb1+ 51. Kf2 Ra1 52. g4 Bg6 53. Kf3 Ra4 54. Nf7+ Bxf7 55. Rxf7 Kg6 56. Rb7 Ra3 57. Rc7 Rb3 58. Ke4 Rb4+ 59. Kf3 Rb3 60. Rd7 Rc3 61. Rd8 Rb3 62. Ra8 Rd3 63. Ra1 Rb3 64. Rh1 Ra3 65. Rh5 Rb3 66. Rh3 Ra3 67. Ke4 Ra4+ 68. Kd5 Ra5+ 69. Kc4 Ra4+ 70. Kb5 Ra2 71. Rf3 Rd2 72. Kc5 Rd4 73. Nd5 Rxg4 74. Rxf6+ Kg5 75. Rf2 Re4 76. Rf3 Re1 77. Ne3 e4 78. Rh3 Ra1 79. Kd5 Kf4 80. g4 Ra5+ 81. Ke6 Ra6+ 82. Kf7 Ra7+ 83. Kg6 Ra5 84. Kh6 Ra8 85. Kg7 Ra5 86. Kf6 Ra6+ 87. Ke7 Ra7+ 88. Kd6 Ra6+ 89. Kc5 Ra5+ 90. Kb4 Ra8 91. Kc4 Rd8 92. Nd5+ Kxg4 93. Re3 Kf5 94. Kd4 Ra8 95. Ne7+ Kf6 96. Rxe4 Ra4+ 97. Kd5 Rxe4 1/2-1/2

[Event "SRB-chT (Women)"]
[Site "Valjevo"]
[Date "2018.09.04"]
[Round "5.2"]
[White "Petrovic, Marija"]
[Black "Stankovic, Marija1111"]
[Result "1/2-1/2"]
[WhiteElo "2098"]
[BlackElo "1629"]
[PlyCount "132"]
[EventDate "2018.08.31"]
[EventType "team-tourn"]
[EventRounds "11"]
[EventCountry "SRB"]
[SourceTitle "CBM 186 Extra"]
[Source "ChessBase"]
[SourceDate "2018.08.24"]
[SourceVersion "1"]
[SourceVersionDate "2018.08.24"]
[SourceQuality "1"]
[WhiteTeam "Lucani Mladost (W)"]
[BlackTeam "Banovci Dunav (W)"]
[WhiteTeamCountry "SRB"]
[BlackTeamCountry "SRB"]

1. Nf3 d5 2. b3 c5 3. Bb2 Bf5 4. g3 Nc6 5. Bg2 e6 6. d3 Nf6 7. Nbd2 Be7 8. 0-0 0-0 9. h3 h6 10. Qe1 Bh7 11. e4 Qc7 12. exd5 Nxd5 13. Nc4 Rac8 14. Rd1 b5 15. Nce5 Nb6 16. Nxc6 Qxc6 17. Ne5 Qc7 18. Qe2 a6 19. c4 Nd7 20. Rfe1 Nxe5 21. Bxe5 Bd6 22. Bb2 Rfd8 23. Rd2 Qb6 24. Bf3 Bf8 25. Red1 Qc7 26. Bc3 Be7 27. h4 Qb6 28. Kg2 bxc4 29. bxc4 Rb8 30. Rb2 Qc7 31. Rdd2 Rxb2 32. Bxb2 Qb6 33. Qd1 Rxd3 34. Rxd3 Bxd3 35. Bxg7 Kxg7 36. Qxd3 Bf6 37. Qd7 Be5 38. Bh5 Qc7 39. Qe8 Bf6 40. Kh3 Qb7 41. f3 Be5 42. a4 Qc7 43. f4 Bf6 44. Bf3 a5 45. Qa8 Bd4 46. Be4 Bc3 47. Bc2 Qe7 48. Qe4 Qf6 49. Bd3 Bb4 50. g4 Qg6 51. Qe3 Qf6 52. g5 hxg5 53. fxg5 Qa1 54. Qe4 Kf8 55. Qf3 Ke8 56. h5 Qg7 57. Qc6+ Ke7 58. Qc7+ Ke8 59. g6 Qf6 60. Qg3 fxg6 61. Bxg6+ Kf8 62. Bd3 Qg7 63. Qb8+ Ke7 64. Qc7+ Kf6 65. Qf4+ Ke7 66. h6 Qf6 1/2-1/2

[Event "SRB-chT (Women)"]
[Site "Valjevo"]
[Date "2018.09.03"]
[Round "4.3"]
[White "Chelushkina, Irina"]
[Black "Petrovic, Marija"]
[Result "1-0"]
[WhiteElo "2280"]
[BlackElo "2098"]
[PlyCount "55"]
[EventDate "2018.08.31"]
[EventType "team-tourn"]
[EventRounds "11"]
[EventCountry "SRB"]
[SourceTitle "CBM 186 Extra"]
[Source "ChessBase"]
[SourceDate "2018.08.24"]
[SourceVersion "1"]
[SourceVersionDate "2018.08.24"]
[SourceQuality "1"]
[WhiteTeam "BAS (W)"]
[BlackTeam "Lucani Mladost (W)"]
[WhiteTeamCountry "SRB"]
[BlackTeamCountry "SRB"]

1. g3 g6 2. Bg2 Bg7 3. d4 d6 4. Nc3 e5 5. dxe5 dxe5 6. Qxd8+ Kxd8 7. Bg5+ f6 8. 0-0-0+ Nd7 9. Be3 Ne7 10. f4 c6 11. fxe5 fxe5 12. Nf3 Nf5 13. Bg5+ Kc7 14. e4 Nd6 15. Kb1 Nc5 16. Be7 Ncxe4 17. Nxe4 Nxe4 18. Rhe1 Nf2 19. Rd2 Ng4 20. Bd6+ Kb6 21. h3 Nh6 22. Nxe5 Nf5 23. Nc4+ Ka6 24. Bc7 h5 25. a4 Nd4 26. Nd6 Rf8 27. b4 Bd7 28. b5+ 1-0

[Event "Paracin Summer op-B 11th"]
[Site "Paracin"]
[Date "2018.07.11"]
[Round "7"]
[White "Petrovic, Marija"]
[Black "Djordjevic, Miroslav"]
[Result "1-0"]
[WhiteElo "2079"]
[BlackElo "1950"]
[PlyCount "69"]
[EventDate "2018.07.06"]
[EventType "swiss"]
[EventRounds "9"]
[EventCountry "SRB"]
[SourceTitle "EXT 2019"]
[Source "ChessBase"]
[SourceDate "2018.10.10"]
[SourceVersion "1"]
[SourceVersionDate "2018.10.10"]
[SourceQuality "1"]

1. Nf3 d5 2. g3 Nf6 3. Bg2 c6 4. 0-0 Bf5 5. d3 e6 6. Nbd2 Be7 7. b3 0-0 8. Bb2 h6 9. Ne5 Nbd7 10. e4 dxe4 11. dxe4 Bh7 12. Nxd7 Qxd7 13. Qe2 Rfd8 14. Nc4 b5 15. Rad1 Qe8 16. Ne5 Rxd1 17. Rxd1 Rd8 18. Rxd8 Bxd8 19. c4 Bb6 20. Kh1 b4 21. f3 Qc8 22. Qd2 c5 23. Bh3 Qd8 24. Qxd8+ Bxd8 25. Nc6 Bb6 26. Be5 Kf8 27. Bd6+ Ke8 28. Ne5 h5 29. Kg1 Nd7 30. Nd3 g5 31. Bg2 f5 32. Kf2 Kd8 33. Ke3 Ke8 34. e5 f4+ 35. gxf4 1-0

[Event "Paracin Summer op-B 10th"]
[Site "Paracin"]
[Date "2017.07.13"]
[Round "8"]
[White "Petrovic, Petar R"]
[Black "Petrovic, Marija"]
[Result "0-1"]
[WhiteElo "1986"]
[BlackElo "2073"]
[PlyCount "94"]
[EventDate "2017.07.07"]
[EventType "swiss"]
[EventRounds "9"]
[EventCountry "SRB"]
[SourceTitle "EXT 2020"]
[Source "ChessBase"]
[SourceDate "2019.10.17"]
[SourceVersion "1"]
[SourceVersionDate "2019.10.17"]
[SourceQuality "1"]

1. e4 g6 2. d4 Bg7 3. Nc3 c6 4. Nf3 d6 5. Be2 Nf6 6. 0-0 0-0 7. h3 a5 8. a4 Na6 9. Re1 Nb4 10. e5 Ne8 11. Bf4 dxe5 12. Bxe5 Bf5 13. Rc1 Bh6 14. Nd2 f6 15. Bg3 Qxd4 16. Nf3 Qxd1 17. Rcxd1 e5 18. Bc4+ Kh8 19. Re2 Nxc2 20. Bd3 Nb4 21. Bxf5 gxf5 22. Rd7 Kg8 23. Nh4 Rf7 24. Rxf7 Kxf7 25. Nxf5 Bf8 26. Rd2 Ke6 27. Ne3 Bc5 28. Ne4 Bd4 29. Nc4 b5 30. axb5 cxb5 31. Na3 Nc7 32. Rxd4 exd4 33. Bxc7 f5 34. Nd2 Kd5 35. Nf3 Kc5 36. Be5 Nc6 37. Bg7 a4 38. Kf1 b4 39. Nb1 Kc4 40. Ke2 a3 41. Nbd2+ Kb5 42. bxa3 bxa3 43. Nb3 a2 44. Bxd4 Ra3 45. Bg7 Rxb3 46. Nd4+ Nxd4+ 47. Bxd4 Rb1 0-1

[Event "Paracin Summer op-B 10th"]
[Site "Paracin"]
[Date "2017.07.12"]
[Round "7"]
[White "Petrovic, Marija"]
[Black "Mantzakouras, Loukas"]
[Result "1/2-1/2"]
[WhiteElo "2073"]
[BlackElo "1949"]
[PlyCount "72"]
[EventDate "2017.07.07"]
[EventType "swiss"]
[EventRounds "9"]
[EventCountry "SRB"]
[SourceTitle "EXT 2020"]
[Source "ChessBase"]
[SourceDate "2019.10.17"]
[SourceVersion "1"]
[SourceVersionDate "2019.10.17"]
[SourceQuality "1"]

1. Nf3 d5 2. d4 Nf6 3. Bf4 c5 4. c3 Nc6 5. e3 Bf5 6. dxc5 e6 7. Nd4 Bxb1 8. Rxb1 Bxc5 9. Qa4 Qd7 10. Bb5 Rc8 11. 0-0 0-0 12. h3 Rfe8 13. Be5 Ne4 14. Rfd1 f6 15. Bh2 Nd6 16. Bxd6 Bxd6 17. Nf3 a6 18. Bd3 b5 19. Qh4 h6 20. Qh5 Ne5 21. Nxe5 fxe5 22. Be2 e4 23. Bg4 Qe7 24. Qg6 Qf6 25. Bh5 Qe5 26. Bg4 Re7 27. g3 Rf8 28. Rd2 Bc5 29. Kg2 Rf6 30. Qh5 Qd6 31. Rbd1 Kh7 32. a4 g6 33. Qh4 Ref7 34. b4 Bb6 35. axb5 axb5 36. Rc2 Bd8 1/2-1/2

[Event "Paracin Summer op-B 10th"]
[Site "Paracin"]
[Date "2017.07.10"]
[Round "4"]
[White "Tisma, Vladimir"]
[Black "Petrovic, Marija"]
[Result "1/2-1/2"]
[WhiteElo "1903"]
[BlackElo "2073"]
[PlyCount "125"]
[EventDate "2017.07.07"]
[EventType "swiss"]
[EventRounds "9"]
[EventCountry "SRB"]
[SourceTitle "EXT 2020"]
[Source "ChessBase"]
[SourceDate "2019.10.17"]
[SourceVersion "1"]
[SourceVersionDate "2019.10.17"]
[SourceQuality "1"]

1. e4 d6 2. d4 e5 3. Nf3 Nd7 4. Bc4 Be7 5. 0-0 c6 6. a4 Ngf6 7. dxe5 Nxe5 8. Nxe5 dxe5 9. Qe2 0-0 10. Nc3 Qa5 11. Bd2 Bb4 12. Bb3 Bd7 13. Rad1 Rad8 14. f3 Bc8 15. Nb1 Bxd2 16. Rxd2 Rxd2 17. Nxd2 Qc5+ 18. Qf2 Qxf2+ 19. Kxf2 b5 20. axb5 cxb5 21. Ra1 a6 22. c3 Nd7 23. Bc2 Nc5 24. b4 Rd8 25. Ke3 Nd7 26. Nb3 Nb6 27. Rd1 Nc4+ 28. Ke2 Rxd1 29. Bxd1 Kf8 30. Bc2 Ke7 31. Bd3 Nb2 32. Bc2 Na4 33. Kd2 Kd6 34. Bd3 Be6 35. Kc2 Bxb3+ 36. Kxb3 Nb6 37. h4 Kc6 38. g3 f6 39. Bf1 Nc8 40. Bh3 Ne7 41. Kc2 Kd6 42. Kd3 Nc6 43. Ke3 a5 44. bxa5 Nxa5 45. Kd3 Nc4 46. Bf5 h6 47. Bg6 Nb2+ 48. Kc2 Na4 49. Kd3 Nc5+ 50. Kc2 Na6 51. Kb3 Kc5 52. Bf7 g5 53. hxg5 fxg5 54. Kc2 Nb8 55. Kd3 Nd7 56. Ke3 b4 57. cxb4+ Kxb4 58. Be6 Nc5 59. Bd5 Kc3 60. f4 gxf4+ 61. gxf4 exf4+ 62. Kxf4 Kd4 63. Kg4 1/2-1/2

[Event "Sarajevo Bosna op 47th"]
[Site "Sarajevo"]
[Date "2017.05.15"]
[Round "4"]
[White "Hodzic, Nihad"]
[Black "Petrovic, Marija"]
[Result "1-0"]
[WhiteElo "2266"]
[BlackElo "2083"]
[PlyCount "113"]
[EventDate "2017.05.13"]
[EventType "swiss"]
[EventRounds "9"]
[EventCountry "BIH"]
[SourceTitle "CBM 178 Extra"]
[Source "ChessBase"]
[SourceDate "2017.06.22"]
[SourceVersion "1"]
[SourceVersionDate "2017.06.22"]
[SourceQuality "1"]

1. d4 d5 2. c4 c6 3. Nc3 Nf6 4. e3 Qb6 5. Qc2 Na6 6. a3 g6 7. cxd5 Nxd5 8. Nf3 Bg7 9. Na4 Qc7 10. Bd2 Nb8 11. Bc4 e6 12. Bd3 Nd7 13. 0-0 0-0 14. Rfe1 N5b6 15. Nc3 Nd5 16. Ne2 c5 17. e4 Ne7 18. Rac1 Qb6 19. Be3 Nc6 20. d5 exd5 21. exd5 Nd4 22. Nexd4 cxd4 23. Bf4 Qf6 24. Qc7 h6 25. Bd6 Nb6 26. Be7 Nxd5 27. Bxf6 Nxc7 28. Bxg7 Kxg7 29. Rxc7 Kf6 30. Ree7 Be6 31. Rxb7 Rfb8 32. Rxa7 Rxa7 33. Rxa7 Rxb2 34. Kf1 Rb3 35. Ke2 Bg4 36. Ra6+ Ke7 37. a4 Ra3 38. Bc2 Ra2 39. Kd1 d3 40. Bxd3 Rxf2 41. Ra7+ Kf8 42. Be2 Rxg2 43. a5 Be6 44. a6 Rg4 45. Rc7 Ra4 46. Ne5 Ra1+ 47. Kd2 Ra2+ 48. Ke3 Ra3+ 49. Kd4 Ra4+ 50. Kc5 Re4 51. Bf3 Rxe5+ 52. Kb6 Re3 53. a7 Rb3+ 54. Kc5 Rc3+ 55. Kd6 Rd3+ 56. Ke5 Re3+ 57. Kd4 1-0